[Event "NRW Class1 1617"]
[Site "Germany"]
[Date "2016.11.13"]
[Round "3.5"]
[White "Klatt, Jan"]
[Black "Bouaraba, Max"]
[Result "1-0"]
[WhiteElo "2102"]
[BlackElo "2192"]
[PlyCount "99"]
[EventDate "2016.09.25"]
[EventType "team-tourn"]
[EventRounds "9"]
[EventCountry "GER"]
[SourceTitle "EXT 2023"]
[Source "ChessBase"]
[SourceDate "2022.10.05"]
[SourceVersion "1"]
[SourceVersionDate "2022.10.05"]
[SourceQuality "1"]
[WhiteTeam "Bielefeld"]
[BlackTeam "Plettenberg"]
[WhiteTeamCountry "GER"]
[BlackTeamCountry "GER"]

1. g3 Nf6 2. Bg2 g6 3. Nf3 Bg7 4. c4 0-0 5. 0-0 Nc6 6. Nc3 d6 7. d4 a6 8. h3 Rb8 9. d5 Na5 10. Qd3 c5 11. e4 b5 12. cxb5 axb5 13. e5 Ne8 14. exd6 exd6 15. Bg5 f6 16. Bf4 Bf5 17. Qe2 b4 18. Ne4 g5 19. Bc1 Nc7 20. g4 Bg6 21. Ng3 Qd7 22. Rd1 Rbe8 23. Be3 f5 24. gxf5 Bxf5 25. Nxg5 h6 26. Nxf5 Rxf5 27. Ne6 Nxe6 28. dxe6 Qxe6 29. Qd3 c4 30. Qc2 Kh8 31. Rxd6 Qxd6 32. Qxf5 Qe5 33. Qd7 Re7 34. Qa4 c3 35. bxc3 bxc3 36. Rd1 Qc7 37. Bd4 Nc4 38. Qa8+ Kh7 39. Be4+ Rxe4 40. Qxe4+ Kh8 41. Bxc3 Nd6 42. Bxg7+ Qxg7+ 43. Qg2 Qf6 44. Qa8+ Kg7 45. Qa7+ Nf7 46. Qd4 Ne5 47. Qe3 Nf3+ 48. Kf1 Qf5 49. Qe7+ Kg6 50. Qd6+ 1-0

[Event "Oberliga NRW 1516"]
[Site "Germany"]
[Date "2015.11.22"]
[Round "3.2"]
[White "Bouaraba, Max"]
[Black "Webb, Laurence"]
[Result "1-0"]
[WhiteElo "2197"]
[BlackElo "2261"]
[PlyCount "83"]
[EventDate "2015.09.27"]
[EventType "team-tourn"]
[EventRounds "9"]
[EventCountry "GER"]
[SourceTitle "EXT 2017"]
[Source "ChessBase"]
[SourceDate "2016.10.25"]
[SourceVersion "1"]
[SourceVersionDate "2016.10.25"]
[SourceQuality "1"]
[WhiteTeam "Plettenberg"]
[BlackTeam "Muenster"]
[WhiteTeamCountry "GER"]
[BlackTeamCountry "GER"]

1. d4 Nf6 2. c4 c5 3. d5 b5 4. cxb5 a6 5. bxa6 g6 6. Nc3 Bxa6 7. e4 Bxf1 8. Kxf1 d6 9. g3 Bg7 10. Kg2 0-0 11. Nf3 Nfd7 12. Bf4 Na6 13. Re1 Qb6 14. Rb1 f6 15. Qd2 Nc7 16. a4 Ne5 17. Nxe5 fxe5 18. Bg5 Rf7 19. b3 Raf8 20. Be3 Qb4 21. Qd3 h5 22. Qc4 Rb8 23. Rec1 Qb7 24. b4 cxb4 25. Nb5 Na6 26. Qc6 Rff8 27. Ba7 Nc5 28. Qxb7 Rxb7 29. Bxc5 dxc5 30. Rxc5 Ra8 31. Rxb4 Bf8 32. Rbc4 Kf7 33. Rc7 Rxc7 34. Nxc7 Ra7 35. Ne6 Bh6 36. Nd8+ Kf6 37. Nc6 Rb7 38. Rc2 Rb6 39. a5 Ra6 40. Kf3 Bf8 41. Rb2 Ra8 42. Rb8 1-0

[Event "Oberliga NRW 1415"]
[Site "Germany"]
[Date "2015.03.01"]
[Round "7.4"]
[White "Bouaraba, Max"]
[Black "Mundorf, Johannes"]
[Result "1/2-1/2"]
[WhiteElo "2192"]
[BlackElo "2248"]
[PlyCount "88"]
[EventDate "2014.09.14"]
[EventType "team-tourn"]
[EventRounds "9"]
[EventCountry "GER"]
[SourceTitle "EXT 2017"]
[Source "ChessBase"]
[SourceDate "2016.10.25"]
[SourceVersion "1"]
[SourceVersionDate "2016.10.25"]
[SourceQuality "1"]
[WhiteTeam "Plettenberg"]
[BlackTeam "Dinslaken"]
[WhiteTeamCountry "GER"]
[BlackTeamCountry "GER"]

1. d4 e6 2. Bf4 f5 3. e3 Nf6 4. Nf3 d5 5. c4 c6 6. Nc3 Bd6 7. Ne5 Qe7 8. c5 Bc7 9. b4 0-0 10. Bd3 Ne4 11. Bxe4 fxe4 12. 0-0 Nd7 13. Ng6 hxg6 14. Bxc7 Nxc5 15. Bg3 Nd7 16. b5 Nf6 17. bxc6 bxc6 18. Qa4 a5 19. Qxc6 Bd7 20. Qb7 Qb4 21. Qxb4 axb4 22. Ne2 Bb5 23. Rfe1 Rfc8 24. Nf4 Kf7 25. Reb1 Ra4 26. Rb2 Bc4 27. Rc1 Rca8 28. f3 g5 29. Nh3 Kg6 30. Bd6 Rxa2 31. Rxa2 Rxa2 32. Bxb4 Re2 33. Re1 Rb2 34. Be7 exf3 35. gxf3 Kf5 36. Nf2 Be2 37. Kg2 g4 38. fxg4+ Nxg4 39. Nxg4 Kxg4 40. h3+ Kf5 41. Kg3 Bd3 42. Rd1 Be4 43. Rf1+ Kg6 44. Rf2 Rxf2 1/2-1/2

[Event "Rilton Cup 40th"]
[Site "Stockholm"]
[Date "2010.12.30"]
[Round "4"]
[White "Bouaraba, Max"]
[Black "Pettersson, Anders"]
[Result "0-1"]
[WhiteElo "2219"]
[BlackElo "2127"]
[PlyCount "84"]
[EventDate "2010.12.27"]
[EventType "swiss"]
[EventRounds "9"]
[EventCountry "SWE"]
[SourceTitle "CBM 140 Extra"]
[Source "ChessBase"]
[SourceDate "2011.03.01"]
[SourceVersion "1"]
[SourceVersionDate "2011.03.01"]
[SourceQuality "1"]

1. d4 Nf6 2. Nf3 e6 3. c4 d5 4. Nc3 c6 5. e3 Nbd7 6. Bd3 dxc4 7. Bxc4 b5 8. Bd3 a6 9. a4 Bb7 10. Bd2 Bd6 11. 0-0 0-0 12. Qe2 b4 13. Na2 c5 14. e4 cxd4 15. Bxb4 Bxb4 16. Nxb4 a5 17. Nc2 Nc5 18. e5 Nd5 19. Ncxd4 Nf4 20. Bxh7+ Kxh7 21. Qc2+ Nfd3 22. Rfd1 Be4 23. Qd2 Kg8 24. Ra3 Rb8 25. Qe3 Nxb2 26. Rc1 Nbd3 27. Rd1 Qb6 28. Ng5 Bg6 29. h4 Qb2 30. Raa1 Rb4 31. Nc6 Rxh4 32. Rab1 Qc2 33. Qg3 Rh6 34. Qf3 Nxf2 35. Ne7+ Kh8 36. Nxg6+ Qxg6 37. Qxf2 Qxg5 38. Qxc5 Ra8 39. Rd3 Qf4 40. Rf3 Qh2+ 41. Kf2 Qh4+ 42. Kg1 Qh1+ 0-1

[Event "Dortmund Sparkassen op-A"]
[Site "Dortmund"]
[Date "2010.07.25"]
[Round "9"]
[White "Bouaraba, Max"]
[Black "Chilla, Jan Eric"]
[Result "1-0"]
[WhiteElo "2224"]
[BlackElo "2143"]
[PlyCount "45"]
[EventDate "2010.07.17"]
[EventType "swiss"]
[EventRounds "9"]
[EventCountry "GER"]
[SourceTitle "CBM 137 Extra"]
[Source "ChessBase"]
[SourceDate "2010.09.01"]
[SourceVersion "1"]
[SourceVersionDate "2010.09.01"]
[SourceQuality "1"]

1. d4 Nf6 2. Nf3 e6 3. g3 b5 4. Qd3 b4 5. Bg2 d5 6. c4 bxc3 7. Nxc3 Be7 8. Bf4 0-0 9. 0-0 a5 10. Rac1 Ba6 11. Qc2 c5 12. Rfd1 Nh5 13. Bxb8 Qxb8 14. e4 cxd4 15. Nxd4 Bg5 16. Rb1 Rc8 17. exd5 Ra7 18. Nc6 Rxc6 19. dxc6 Nf4 20. gxf4 Bxf4 21. h3 f5 22. Rd7 Bh2+ 23. Kh1 1-0

[Event "Travemuende op 25th"]
[Site "Travemuende"]
[Date "2008.12.28"]
[Round "3"]
[White "Bouaraba, Max"]
[Black "Bulygin, Anton"]
[Result "0-1"]
[WhiteElo "2234"]
[BlackElo "1982"]
[PlyCount "76"]
[EventDate "2008.12.27"]
[EventType "swiss"]
[EventRounds "7"]
[EventCountry "GER"]
[SourceTitle "EXT 2022"]
[Source "ChessBase"]
[SourceDate "2021.10.06"]
[SourceVersion "1"]
[SourceVersionDate "2021.10.06"]
[SourceQuality "1"]

1. d4 Nf6 2. c4 e5 3. dxe5 Ng4 4. Nf3 Nc6 5. Nc3 Ngxe5 6. Nxe5 Nxe5 7. e4 d6 8. Be2 Be7 9. 0-0 f5 10. f4 Nf7 11. Bd3 fxe4 12. Bxe4 c6 13. Qd3 Bd7 14. Bxh7 Kf8 15. Be3 Qa5 16. Bg6 Rd8 17. b4 Qc7 18. Bxf7 Kxf7 19. Ne4 Rdf8 20. Rad1 Kg8 21. Nxd6 Bg4 22. Rd2 Bxd6 23. Qxd6 Qf7 24. f5 Qxc4 25. Bc5 Rf6 26. Qg3 Rh5 27. Rd4 Rhxf5 28. Qb8+ Kh7 29. Rxf5 Qc1+ 30. Kf2 Rxf5+ 31. Kg3 Bh5 32. Rf4 Qc3+ 33. Kf2 Qd2+ 34. Kg3 Rg5+ 35. Kh4 Qxg2 36. Qc8 Bg6 37. Qg4 Rxg4+ 38. Rxg4 Qxh2+ 0-1

[Event "NRW Class1 0708"]
[Site "Germany"]
[Date "2008.01.13"]
[Round "5.4"]
[White "Kurr, Gerd"]
[Black "Bouaraba, Max"]
[Result "1/2-1/2"]
[WhiteElo "2219"]
[BlackElo "2248"]
[PlyCount "89"]
[EventDate "2007.09.16"]
[EventType "team"]
[EventRounds "9"]
[EventCountry "GER"]
[SourceTitle "EXT 2009"]
[Source "ChessBase"]
[SourceDate "2008.11.26"]
[SourceVersion "1"]
[SourceVersionDate "2008.11.26"]
[SourceQuality "1"]
[WhiteTeam "Elberfeld"]
[BlackTeam "Plettenberg"]
[WhiteTeamCountry "GER"]
[BlackTeamCountry "GER"]

1. d4 c5 2. d5 Nf6 3. Nc3 e6 4. e4 exd5 5. exd5 d6 6. Nf3 Be7 7. Bb5+ Nfd7 8. a4 0-0 9. 0-0 Na6 10. Re1 Nc7 11. Bf1 b6 12. Bf4 Nf6 13. h3 a6 14. Bg5 Rb8 15. Qd2 b5 16. axb5 axb5 17. Ra2 b4 18. Bxf6 Bxf6 19. Ne4 Bf5 20. Bc4 Bxe4 21. Rxe4 Re8 22. Qe2 Qd7 23. b3 Qf5 24. Bd3 Rxe4 25. Bxe4 Re8 26. Bxf5 Rxe2 27. Ra7 Re7 28. Bd3 g6 29. Bc4 Kg7 30. Rb7 Na8 31. Rxe7 Bxe7 32. Kf1 Nb6 33. Ke2 f5 34. Ne1 Bf6 35. Nd3 g5 36. g4 Kg6 37. f4 fxg4 38. hxg4 gxf4 39. Nxf4+ Kg5 40. Kf3 Nd7 41. Ne6+ Kh4 42. Kf4 Be5+ 43. Kf5 Kg3 44. Ng5 Nf6 45. Be2 1/2-1/2

[Event "Oberliga NRW 0506"]
[Site "Germany"]
[Date "2006.05.07"]
[Round "9.5"]
[White "Rehberg, Raphael"]
[Black "Bouaraba, Max"]
[Result "0-1"]
[WhiteElo "2233"]
[BlackElo "2241"]
[PlyCount "80"]
[EventDate "2005.09.25"]
[EventType "team-tourn"]
[EventRounds "9"]
[EventCountry "GER"]
[SourceTitle "EXT 2007"]
[Source "ChessBase"]
[SourceDate "2006.11.23"]
[SourceVersion "1"]
[SourceVersionDate "2006.11.23"]
[SourceQuality "1"]
[WhiteTeam "Lippstadt Turm"]
[BlackTeam "Plettenberg"]
[WhiteTeamCountry "GER"]
[BlackTeamCountry "GER"]

1. e4 Nf6 2. e5 Nd5 3. d4 d6 4. c4 Nb6 5. exd6 cxd6 6. Nc3 Bf5 7. Be3 e6 8. Nf3 Be7 9. Be2 0-0 10. 0-0 d5 11. c5 Nc8 12. b4 Nc6 13. Qa4 Bf6 14. Nb5 Bg4 15. Rad1 a6 16. Bf4 Nb6 17. cxb6 axb5 18. Qxb5 Bxf3 19. Bxf3 Nxd4 20. Qc5 Nxf3+ 21. gxf3 Rxa2 22. Bd6 Re8 23. Rc1 Bb2 24. Rc2 Bd4 25. Rxa2 Bxc5 26. bxc5 e5 27. Rfa1 Qd7 28. Ra8 f6 29. Bc7 d4 30. Rxe8+ Qxe8 31. f4 Qg6+ 32. Kf1 Qd3+ 33. Kg1 Qc3 34. Ra8+ Kf7 35. fxe5 fxe5 36. Bxe5 Qe1+ 37. Kg2 Qxe5 38. Rc8 d3 39. c6 bxc6 40. Rc7+ Ke8 0-1

[Event "Hessenliga 0304"]
[Site "Germany"]
[Date "2004.02.29"]
[Round "7.5"]
[White "Rohde, Torsten"]
[Black "Bouaraba, Max"]
[Result "0-1"]
[WhiteElo "2144"]
[BlackElo "2206"]
[PlyCount "48"]
[EventDate "2003.10.??"]
[EventType "team"]
[EventRounds "9"]
[EventCountry "GER"]
[SourceTitle "EXT 2005"]
[Source "ChessBase"]
[SourceDate "2004.11.15"]
[SourceVersion "1"]
[SourceVersionDate "2004.11.15"]
[SourceQuality "1"]
[WhiteTeam "Baunatal"]
[BlackTeam "Marburg"]
[WhiteTeamCountry "GER"]
[BlackTeamCountry "GER"]

1. e4 Nf6 2. e5 Nd5 3. d4 d6 4. Nf3 Bg4 5. Be2 e6 6. 0-0 Be7 7. Re1 0-0 8. c3 Nc6 9. c4 Nb6 10. exd6 cxd6 11. d5 exd5 12. cxd5 Nb4 13. Nc3 Bf6 14. Nd4 Re8 15. Be3 Bxe2 16. Ndxe2 Nc4 17. Bc1 Qa5 18. Kf1 Nb6 19. Bd2 Qa6 20. Qb3 Bxc3 21. Qxc3 Nd3 22. Qd4 Nxe1 23. Rxe1 Re7 24. Bc3 f6 0-1

[Event "Hessenliga 0203"]
[Site "Germany"]
[Date "2003.03.16"]
[Round "8.4"]
[White "Bouaraba, Max"]
[Black "Zweschper, Erich"]
[Result "1-0"]
[WhiteElo "2203"]
[BlackElo "2127"]
[PlyCount "121"]
[EventDate "2002.10.??"]
[EventType "team"]
[EventRounds "9"]
[EventCountry "GER"]
[SourceTitle "EXT 2004"]
[Source "ChessBase"]
[SourceDate "2003.11.25"]
[SourceVersion "1"]
[SourceVersionDate "2003.11.25"]
[SourceQuality "1"]
[WhiteTeam "Marburg"]
[BlackTeam "Eppstein"]
[WhiteTeamCountry "GER"]
[BlackTeamCountry "GER"]

1. d4 d6 2. c4 g6 3. Nf3 Bg7 4. Bf4 Nd7 5. Nc3 c6 6. e4 e5 7. dxe5 dxe5 8. Bg3 Qe7 9. Be2 Nh6 10. Qd2 f6 11. h4 Nf7 12. h5 g5 13. Nh2 h6 14. Na4 0-0 15. 0-0 Rd8 16. Rfd1 Bf8 17. f3 Nc5 18. Qc2 Ne6 19. Bf2 b6 20. Rxd8 Nfxd8 21. Nf1 Nf4 22. Ng3 Qe8 23. Rd1 Be6 24. Nc3 Qf7 25. b3 Nb7 26. Na4 Rd8 27. c5 Rxd1+ 28. Bxd1 b5 29. Nb2 Qe7 30. Nf5 Bxf5 31. exf5 Nxh5 32. Qe4 Qd7 33. b4 Nf4 34. Bb3+ Kg7 35. Be3 Nd5 36. Qd3 a5 37. a3 axb4 38. axb4 Nd8 39. Nd1 Qf7 40. Bd2 Nb7 41. Ne3 Nf4 42. Bxf7 Nxd3 43. Be8 Nd8 44. g3 Be7 45. Nc2 Kf8 46. Bd7 e4 47. f4 gxf4 48. gxf4 Kf7 49. Nd4 e3 50. Bc3 Nxf4 51. Kf1 Nd5 52. Be1 h5 53. Nxc6 Nxc6 54. Bxc6 Nc7 55. Bg3 Bd8 56. Ke2 Na6 57. Be1 h4 58. Bxb5 h3 59. Bxa6 Bc7 60. Kxe3 h2 61. Bb7 1-0

[Event "Hessenliga 0102"]
[Site "Germany"]
[Date "2002.04.21"]
[Round "9.6"]
[White "Bouaraba, Max"]
[Black "Paszek, Adam"]
[Result "1-0"]
[WhiteElo "2177"]
[BlackElo "2255"]
[PlyCount "115"]
[EventDate "2001.10.??"]
[EventType "team"]
[EventRounds "9"]
[EventCountry "GER"]
[SourceTitle "EXT 2003"]
[Source "ChessBase"]
[SourceDate "2002.11.25"]
[SourceVersion "1"]
[SourceVersionDate "2002.11.25"]
[SourceQuality "1"]
[WhiteTeam "Marburg"]
[BlackTeam "Fulda"]
[WhiteTeamCountry "GER"]
[BlackTeamCountry "GER"]

1. d4 Nf6 2. Bg5 d5 3. Nc3 Nbd7 4. e4 dxe4 5. f3 e3 6. Bxe3 e6 7. Bc4 Be7 8. Nge2 0-0 9. Qd2 Nb6 10. Bb3 a5 11. a3 c6 12. Bf2 Nbd5 13. Ne4 b5 14. c4 bxc4 15. Bxc4 Ba6 16. Bxa6 Rxa6 17. 0-0 Ra7 18. Qc2 Qd7 19. Nc1 a4 20. Nd3 Qb7 21. Ne5 Rc8 22. Ng5 Qb3 23. Rac1 Bf8 24. Qe2 Nf4 25. Qd2 N6d5 26. g3 Ng6 27. Nd3 h6 28. Ne4 Qb5 29. Rc2 Rd7 30. Rfc1 Bd6 31. Rc4 Nge7 32. Qc2 Nb6 33. Nxd6 Rxd6 34. Rb4 Qa5 35. Qc5 Qxc5 36. dxc5 Rxd3 37. cxb6 Rb8 38. b7 Rb3 39. Rxb3 axb3 40. a4 Rxb7 41. a5 Rb5 42. Ra1 Nd5 43. a6 Nc7 44. a7 Na8 45. Rd1 Rd5 46. Rc1 Kf8 47. Rxc6 Ke7 48. Rc8 Rd8 49. Rb8 Kd7 50. Rxb3 Kc7 51. g4 f6 52. h4 e5 53. Kg2 g5 54. hxg5 hxg5 55. Be1 Rd1 56. Ba5+ Kc6 57. Rb8 Ra1 58. b4 1-0

[Event "Hessenliga 0102"]
[Site "Germany"]
[Date "2002.03.03"]
[Round "7.5"]
[White "Kopp, Peter"]
[Black "Bouaraba, Max"]
[Result "1-0"]
[WhiteElo "2171"]
[BlackElo "2177"]
[PlyCount "77"]
[EventDate "2001.10.??"]
[EventType "team"]
[EventRounds "9"]
[EventCountry "GER"]
[SourceTitle "EXT 2003"]
[Source "ChessBase"]
[SourceDate "2002.11.25"]
[SourceVersion "1"]
[SourceVersionDate "2002.11.25"]
[SourceQuality "1"]
[WhiteTeam "Hofheim II"]
[BlackTeam "Marburg"]
[WhiteTeamCountry "GER"]
[BlackTeamCountry "GER"]

1. e4 c5 2. c3 d6 3. d4 Nf6 4. Bd3 Nbd7 5. Nf3 Qc7 6. 0-0 c4 7. Bc2 e5 8. Qe2 a6 9. a4 Rb8 10. a5 Be7 11. h3 0-0 12. d5 g6 13. Nfd2 b5 14. axb6 Nxb6 15. Na3 Bd7 16. Ndxc4 Nxc4 17. Qxc4 Qxc4 18. Nxc4 Bb5 19. b3 Nd7 20. Be3 Rfc8 21. Bd3 Nc5 22. Bxc5 Rxc5 23. Rfd1 Kf8 24. Kf1 a5 25. Nxa5 Rxc3 26. Bxb5 Rxb5 27. Nc6 Rbxb3 28. Ra8+ Kg7 29. Nxe7 Rc2 30. Kg1 Rbb2 31. Rf1 Rb4 32. Nc8 Rxe4 33. Nxd6 Ree2 34. Ra7 e4 35. Rxf7+ Kh6 36. Re7 Rc5 37. Nxe4 Rxd5 38. Rxh7+ Kxh7 39. Nf6+ 1-0

[Event "Hessenliga 0102"]
[Site "Germany"]
[Date "2002.01.27"]
[Round "5.5"]
[White "Bouaraba, Max"]
[Black "Diehl, Werner"]
[Result "1/2-1/2"]
[WhiteElo "2177"]
[BlackElo "2222"]
[PlyCount "114"]
[EventDate "2001.10.??"]
[EventType "team"]
[EventRounds "9"]
[EventCountry "GER"]
[SourceTitle "EXT 2003"]
[Source "ChessBase"]
[SourceDate "2002.11.25"]
[SourceVersion "1"]
[SourceVersionDate "2002.11.25"]
[SourceQuality "1"]
[WhiteTeam "Marburg"]
[BlackTeam "Weiterstadt"]
[WhiteTeamCountry "GER"]
[BlackTeamCountry "GER"]

1. Nf3 Nf6 2. b3 c5 3. Bb2 Nc6 4. g3 d5 5. Bg2 e6 6. 0-0 Be7 7. c4 0-0 8. cxd5 Nxd5 9. Nc3 Bf6 10. Rc1 b6 11. d4 Bb7 12. dxc5 bxc5 13. Na4 Bxb2 14. Nxb2 Ncb4 15. a3 Na2 16. Rxc5 Nac3 17. Qc2 Rc8 18. Rxc8 Qxc8 19. Ng5 g6 20. e4 Ba6 21. Re1 Nb6 22. Bf1 Bb7 23. Re3 Qc5 24. h4 Nxe4 25. Qxc5 Nxc5 26. Rc3 Rc8 27. b4 Ne4 28. Rxc8+ Nxc8 29. Nc4 Nxg5 30. hxg5 f6 31. Bh3 Kf7 32. f4 fxg5 33. fxg5 Bd5 34. Ne5+ Ke7 35. Ng4 Nd6 36. Nf6 h5 37. Bg2 Bb3 38. Bc6 Nc4 39. a4 Ne5 40. Be4 Bxa4 41. Kf2 Bc6 42. Ke3 Bxe4 43. Nxe4 Nc6 44. b5 Ne5 45. Kd4 Nf7 46. Kc5 Kd7 47. Nf6+ Kc7 48. Ne4 Kb7 49. Nd6+ Nxd6 50. Kxd6 Kb6 51. Kxe6 Kxb5 52. Kf6 a5 53. Kxg6 a4 54. Kxh5 a3 55. g6 a2 56. g7 a1Q 57. g8Q Qh1+ 1/2-1/2